LEADER 00929nam0-22003611i-450- 001 990001175220403321 005 20090105123201.0 035 $a000117522 035 $aFED01000117522 035 $a(Aleph)000117522FED01 035 $a000117522 100 $a20001205d1969----km-y0itay50------ba 101 0 $aeng 200 1 $aInvariant theory$fJohn Fogarty 210 $aNew York$cBenjamin$d1969 225 1 $aMathematics lecture note series 610 0 $aTeoria degli invarianti 610 0 $aAlgebre di lie 610 0 $aAlgebra 610 0 $aTeoria delle equazioni 610 0 $aCalcolo vettoriale 676 $a512.9 700 1$aFogarty,$bJohn$055653 801 0$aIT$bUNINA$gRICA$2UNIMARC 901 $aBK 912 $a990001175220403321 952 $a10-D-46$b12305$fMA1 952 $a10-162F$fFI1 959 $aMA1 959 $aFI1 959 $aDRCN 996 $aInvariant theory$9345999 997 $aUNINA LEADER 02821nam 22007814a 450 001 9910777994103321 005 20081027110722.0 010 $a1-282-92327-7 010 $a9786612923272 010 $a0-8223-8990-8 024 7 $a10.1515/9780822389903 035 $a(CKB)1000000000758177 035 $a(EBL)1170555 035 $a(OCoLC)654239084 035 $a(SSID)ssj0000393097 035 $a(PQKBManifestationID)11295658 035 $a(PQKBTitleCode)TC0000393097 035 $a(PQKBWorkID)10364336 035 $a(PQKB)11336911 035 $a(OCoLC)220950895 035 $a(MiAaPQ)EBC1170555 035 $a220950895 035 $a(OCoLC)1144131965 035 $a(MdBmJHUP)muse79886 035 $a(DE-B1597)554685 035 $a(DE-B1597)9780822389903 035 $a(OCoLC)1224279235 035 $a(EXLCZ)991000000000758177 100 $a20080407d2007 uy 0 101 0 $aeng 135 $aur|n|---||||| 181 $ctxt 182 $cc 183 $acr 200 10$aDesiring China$b[electronic resource] $eexperiments in neoliberalism, sexuality, and public culture /$fLisa Rofel 210 $aDurham $cDuke University Press$d2007 215 $a1 online resource (263 pages) 225 1 $aPerverse modernities 300 $aDescription based upon print version of record. 311 $a0-8223-3947-1 311 $a0-8223-3935-8 320 $aIncludes bibliographical references (p. [229]-246) and index. 327 $aIntroduction -- Yearnings : televisual love and melodramatic politics -- Museum as women's space : displays of gender -- Qualities of desire : imagining gay identities -- From sacrifice to desire : cosmopolitanism with Chinese characteristics -- Legislating desire : homosexuality, intellectual property rights, and consumer fraud -- Desiring China : China's entry into the WTO -- Coda. 330 $aAn ethnography of gender, sexuality, and consumption in post-socialist China. 410 0$aPerverse modernities. 606 $aSex$xSocial aspects$zChina 606 $aPopular culture$zChina 606 $aCulture and globalization$zChina 606 $aCosmopolitanism$zChina 606 $aPost-communism$zChina 606 $aNeoliberalism$zChina 606 $aNational characteristics, Chinese 607 $aChina$xSocial conditions$y21st century 615 0$aSex$xSocial aspects 615 0$aPopular culture 615 0$aCulture and globalization 615 0$aCosmopolitanism 615 0$aPost-communism 615 0$aNeoliberalism 615 0$aNational characteristics, Chinese. 676 $a306.70951/090511 700 $aRofel$b Lisa$f1953-$01011842 801 0$bNcD 801 1$bNcD 906 $aBOOK 912 $a9910777994103321 996 $aDesiring China$93815368 997 $aUNINA